000
00308 a2200121 4500
090
_c
5610
_d
5610
100
_a
Hamid Ali
245
_a
The federal emplyees benevolent fund and group insurance Act,1969 & 1972
250
_a
Revised Ed
260
_a
Karachi
300
_a
64
942
_a
NBS
_c
BK
_k
348.95491 ALI
999
_c
348014
_d
348014